Les Gagnants de la Ligue des Champions - Statistiques

Statistiques générales
  • Ce quiz a été pris 2 107 fois
    168 depuis la dernière actualisation
  • Le résultat moyen est 65 sur 70
Statistiques - réponses
Année Club Pays % Correct
1956 Real Madrid Espagne
100%
1957 Real Madrid Espagne
100%
1958 Real Madrid Espagne
100%
1959 Real Madrid Espagne
100%
1960 Real Madrid Espagne
100%
1966 Real Madrid Espagne
100%
1998 Real Madrid Espagne
100%
2000 Real Madrid Espagne
100%
2002 Real Madrid Espagne
100%
2014 Real Madrid Espagne
100%
2016 Real Madrid Espagne
100%
2017 Real Madrid Espagne
100%
2018 Real Madrid Espagne
100%
2022 Real Madrid Espagne
100%
2024 Real Madrid Espagne
100%
1992 FC Barcelone Espagne
98%
2006 FC Barcelone Espagne
98%
2009 FC Barcelone Espagne
98%
2011 FC Barcelone Espagne
98%
2015 FC Barcelone Espagne
98%
1974 FC Bayern Munich Allemagne
97%
1975 FC Bayern Munich Allemagne
97%
1976 FC Bayern Munich Allemagne
97%
2001 FC Bayern Munich Allemagne
97%
2013 FC Bayern Munich Allemagne
97%
2020 FC Bayern Munich Allemagne
97%
2025 Paris Saint-Germain France
97%
1963 AC Milan Italie
96%
1969 AC Milan Italie
96%
1989 AC Milan Italie
96%
1990 AC Milan Italie
96%
1994 AC Milan Italie
96%
2003 AC Milan Italie
96%
2007 AC Milan Italie
96%
2023 Manchester City Angleterre
96%
1968 Manchester United Angleterre
96%
1999 Manchester United Angleterre
96%
2008 Manchester United Angleterre
96%
1993 Olympique de Marseille France
96%
1997 Borussia Dortmund Allemagne
95%
1964 Inter Milan Italie
95%
1965 Inter Milan Italie
95%
2010 Inter Milan Italie
95%
1977 Liverpool FC Angleterre
95%
1978 Liverpool FC Angleterre
95%
1981 Liverpool FC Angleterre
95%
1984 Liverpool FC Angleterre
95%
2005 Liverpool FC Angleterre
95%
2019 Liverpool FC Angleterre
95%
2012 Chelsea FC Angleterre
94%
2021 Chelsea FC Angleterre
94%
1987 FC Porto Portugal
91%
2004 FC Porto Portugal
91%
1971 Ajax Amsterdam Pays-Bas
88%
1972 Ajax Amsterdam Pays-Bas
88%
1973 Ajax Amsterdam Pays-Bas
88%
1995 Ajax Amsterdam Pays-Bas
88%
1985 Juventus Turin Italie
88%
1996 Juventus Turin Italie
88%
1961 SL Benfica Portugal
84%
1962 SL Benfica Portugal
84%
1988 PSV Eindhoven Pays-Bas
82%
1967 Celtic Glasgow Écosse
78%
1979 Nottingham Forest Angleterre
78%
1980 Nottingham Forest Angleterre
78%
1982 Aston Villa Angleterre
72%
1991 Étoile Rouge de Belgrade Serbie
68%
1970 Feyenoord Rotterdam Pays-Bas
68%
1983 Hambourg SV Allemagne
57%
1986 FC Steaua Bucarest Roumanie
43%
Aucun quiz correspondant
Distribution des résultats
% des personnes avec chaque résultat
Percentile par nombre de réponses
Votre historique - résultats
Vous n’avez pas pris ce quiz depuis la dernière actualisation